| 000 | 00555nam a22001697a 4500 | ||
|---|---|---|---|
| 008 | 160930b xxu||||| |||| 00| 0 eng d | ||
| 020 | _a0028616340 | ||
| 020 | _a9780028616346 | ||
| 100 | _aSherman, Robert | ||
| 245 |
_aThe complete idiots guide to classical music/ _cRobert Sherman and Philip Seldon. |
||
| 260 |
_aUnited States : _bA Pearson education Company, _c1997. |
||
| 300 |
_axxii, 393p. : _bill. ; _c24cm. |
||
| 500 | _aInclude index. | ||
| 650 | _aMusic. | ||
| 700 | _aSeldon, Philip | ||
| 942 |
_2lcc _cBOOKS _hMT 6 .S54 1997 |
||
| 999 |
_c14393 _d14393 |
||